00905 2200313 4500001002100000005001700021008004100038020002200079035002400101040001200125082001700137084001700154090002000171090001900191100002400210245011000234250001100344260003000355300003200385440003300417650002300450700001700473700001900490700001600509850001200525990001800537990001800555990001800573INLIS00000000003184920171107074520.0  a978-602-242-907-4 0010-101700000000527 aYOPDYOG042[23]a028.55 a028.55 Aly S aPK 028.55 Aly S aK 028.55 Aly S0 aALYSSA NAJWA SORAYA0 aSuster misteriusc/ Alyssa Najwa Soraya; penyunting, Dadan Ramadhan, Ridha Anwar; ilustrasi, Nonoy Nurman aCet. 6 aBandungbDAR! Mizanc2017 a116 hlm.b: ilus.c; 21 cm. aSeri kecil-kecil punya karya 4aBacaan kanak-kanak0 aNonoy Nurman0 aDadan Ramadhan0 aRidha Anwar aYOPDYOG a28399-PD/B.17 a28400-PD/B.17 a28401-PD/B.17